| 000 | 01310cam a22003734a 4500 | ||
|---|---|---|---|
| 001 | 14427715 | ||
| 003 | OSt | ||
| 005 | 20140410083322.0 | ||
| 008 | 060626s2007 nyuab b 001 0 eng | ||
| 010 | _a 2006021233 | ||
| 020 | _a978053120859 (hbk. lib. bdg) | ||
| 020 | _a0531120856 (hbk. lib. bdg) | ||
| 020 | _a9780531187319 (pbk.) | ||
| 020 | _a0531187314 (pbk.) | ||
| 040 |
_aDLC _cDLC _dDLC |
||
| 050 | 0 | 0 |
_aQA 76.9.A25 _b.N49 2008 |
| 100 | 1 |
_aNewman, Matthew. _923301 |
|
| 245 | 1 | 0 |
_aYou have mail : _btrue stories of cybercrime / _cby Matthew Newman. |
| 260 |
_aNew York : _bFranklin Watts, _c2008 |
||
| 300 |
_a64 p. : _bcol. ill., maps ; _c24 cm. |
||
| 440 | 0 |
_a24/7, science behind the scenes _923302 |
|
| 504 | _aIncludes bibliographical references (p. 56-58) and index. | ||
| 521 | _aG5 | ||
| 526 | _c790 | ||
| 562 | _eFor Scholastic Reading Center. 1 copy available | ||
| 650 | 0 |
_aComputer security. _99722 |
|
| 650 | 0 |
_aComputer crimes. _923303 |
|
| 856 | 4 | 1 |
_3Table of contents only _uhttp://www.loc.gov/catdir/toc/ecip0616/2006021233.html |
| 906 |
_a7 _bcbc _corignew _d1 _eecip _f20 _gy-gencatlg |
||
| 942 |
_2lcc _cBK |
||
| 999 |
_c33822 _d33822 |
||